Statistics for World Capitals Closest to Istanbul

Click here to take the quiz!

General Stats

  • This quiz has been taken 677 times
  • The average score is 16 of 20

Answer Stats

kmCapitalmi% Correct
563Athens350
98%
505Sofia314
93%
447Bucharest278
89%
753Nicosia468
83%
1057Damascus657
82%
1055Kiev656
82%
813Belgrade505
81%
639Skopje397
80%
1166Jerusalem725
79%
770Tirana479
79%
977Beirut607
78%
923Sarajevo573
78%
1178Zagreb732
78%
1069Budapest664
76%
351Ankara218
74%
673Pristina418
72%
823Podgorica512
70%
668Chisinau415
69%
1182Amman735
64%
1229Bratislava764
57%

Score Distribution

Percentile by Number Answered

Percent of People with Each Score

Your Score History

You have not taken this quiz